LEADER 01736oam 2200493M 450 001 9910716134803321 005 20200213070930.7 035 $a(CKB)5470000002518769 035 $a(OCoLC)1065613231 035 $a(OCoLC)995470000002518769 035 $a(EXLCZ)995470000002518769 100 $a20071213d1926 ua 0 101 0 $aeng 135 $aurcn||||||||| 181 $ctxt$2rdacontent 182 $cc$2rdamedia 183 $acr$2rdacarrier 200 10$aJohn W. Barnum. June 11, 1926. -- Committed to the Committee of the Whole House and ordered to be printed 210 1$a[Washington, D.C.] :$c[U.S. Government Printing Office],$d1926. 215 $a1 online resource (1 pages) 225 1 $aHouse report / 69th Congress, 1st session. House ;$vno. 1451 225 1 $a[United States congressional serial set] ;$v[serial no. 8537] 300 $aBatch processed record: Metadata reviewed, not verified. Some fields updated by batch processes. 300 $aFDLP item number not assigned. 606 $aClaims 606 $aIndustrial accidents 606 $aIndustrial safety 606 $aWorkers' compensation 606 $aCivil service 608 $aLegislative materials.$2lcgft 615 0$aClaims. 615 0$aIndustrial accidents. 615 0$aIndustrial safety. 615 0$aWorkers' compensation. 615 0$aCivil service. 701 $aGraham$b George Scott$f1850-1931.$pRepublican (PA)$01386798 801 0$bWYU 801 1$bWYU 801 2$bOCLCO 801 2$bOCLCQ 906 $aBOOK 912 $a9910716134803321 996 $aJohn W. Barnum. June 11, 1926. -- Committed to the Committee of the Whole House and ordered to be printed$93524088 997 $aUNINA LEADER 02786oam 2200649I 450 001 9910954317803321 005 20251117065556.0 010 $a1-136-80458-7 010 $a1-138-47344-8 010 $a1-283-10364-8 010 $a9786613103642 010 $a0-203-82789-9 024 7 $a10.4324/9780203827895 035 $a(CKB)2670000000082284 035 $a(EBL)668808 035 $a(OCoLC)719095213 035 $a(SSID)ssj0000471232 035 $a(PQKBManifestationID)11321165 035 $a(PQKBTitleCode)TC0000471232 035 $a(PQKBWorkID)10428012 035 $a(PQKB)10963429 035 $a(MiAaPQ)EBC668808 035 $a(Au-PeEL)EBL668808 035 $a(CaPaEBR)ebr10462483 035 $a(CaONFJC)MIL310364 035 $a(EXLCZ)992670000000082284 100 $a20180706d2011 uy 0 101 0 $aeng 135 $aur|n|---||||| 181 $ctxt 182 $cc 183 $acr 200 00$aMeaning in landscape architecture & gardens $efour essays, four commentaries /$fessays by Jane Gillette. [et al.] ; edited by Marc Treib 205 $a1st ed. 210 1$aLondon :$cRoutledge,$d2011. 215 $a1 online resource (233 p.) 300 $aDescription based upon print version of record. 311 08$a1-136-80459-5 311 08$a0-415-61725-1 320 $aIncludes bibliographical references and index. 327 $a1. Form, meaning, and expression in landscape architecture / Laurie Olin -- 2. Must landscapes mean? : approaches to significance in recent landscape architecture / Marc Treib -- 3. Can gardens mean? / Jane Gillette -- 4. Gardens can mean / Susan Herrington. 330 $aWhile we all live our lives in designed landscapes of various types, only on occasion do we consider what these landscapes mean to us and how they have acquired that significance. Can a landscape architect or garden designer really imbue new settings with meaning, or does meaning evolve over time, created by those who perceive and use these landscapes? What role does the selection and arrangement of plants and hard materials play in this process and just where does the passage of time enter into the equation?These questions collectively provide the core material for Meaning in La 517 3 $aMeaning in landscape architecture and gardens 606 $aLandscape design 606 $aLandscapes$xPsychological aspects 615 0$aLandscape design. 615 0$aLandscapes$xPsychological aspects. 676 $a712/.2 701 $aGillette$b Jane Brown$01880513 701 $aTreib$b Marc$0674751 801 0$bMiAaPQ 801 1$bMiAaPQ 801 2$bMiAaPQ 906 $aBOOK 912 $a9910954317803321 996 $aMeaning in landscape architecture & gardens$94494518 997 $aUNINA